| 000 | 00779nam a22002297a 4500 | ||
|---|---|---|---|
| 005 | 20090305104415.0 | ||
| 008 | 090304t xxu||||| |||| 00| 0 eng d | ||
| 010 | _aB-317543 | ||
| 020 |
_c150.00 _a8187100117 |
||
| 035 | _aB-317543 | ||
| 040 |
_aDPL _bEnglish |
||
| 082 | _a482 | ||
| 100 | _aBhushan, S. | ||
| 245 |
_aSpell at home _cby S.Bhushan and S.P.Upadhyaya |
||
| 260 |
_aNew Delhi _bOcean Books Pvt. Ltd. _c2004 |
||
| 270 |
_a4/19, Asaf ali Road, _bNew Delhi _e110 002 |
||
| 300 |
_a111 p. _c21 cm. (Hb) |
||
| 650 | _bEnglish Language | ||
| 700 | _aUpadhyaya, S.P. | ||
| 942 |
_2ddc _cEN _h482 _mBHU |
||
| 999 |
_c24877 _d24877 |
||